Statistics for should i take ap bio?

Click here to take the quiz!

General Stats

  • This quiz has been taken 7 times
  • The average score is 4 of 15

Answer Stats

QuestionAnswer% Correct
what form of transport through the plasma membrane requires the expenditure of energy by the cell?active transport
43%
Extracellular fluid includes which of the following liquids?all
43%
which plane of the body divides it into dorsal and ventral regionscoronal
43%
the directional term "superior" in anatomy means which of the following?muscle, nervous, connective, epithelial
43%
Which major organ lies deep to the right hypochondriac region?the liver
43%
what is the name of the membrane that surrounds the lungs?visceral pleura
43%
how many nucleotides are required to code for a single amino acid?3
29%
Which of the listed terms is described by: “All the chemical processes that take place in the organelles and cytoplasm the cells of the body”?metabolism
29%
what is the difference between simple squamous cells and simple columnar cells?squamous is flattened while columnar are taller than wide
29%
what relationship is correct?the heart is superior to the large intestine
29%
The solution concentration 0.9% means that there are. 0.9 g of solute in 100 ml of solution
14%
The resting membrane potential of a cell is the consequence of which of the following concentrations of ions?High Cl − and Na + outside the cell and high K + and large cations inside the cell.
14%
in which phase of mitosis would chromosomes line up at the centre of the spindle?metaphase
14%
tendons and ligaments are composed of...dense connective tissue
0%
which is NOT a cell?lysosomes
0%

Score Distribution

Percentile by Number Answered

Percent of People with Each Score

Your Score History

You have not taken this quiz